000 01174nam a2200301 a 4500
001 ebr10297971
003 CaPaEBR
006 m u
007 cr cn|||||||||
008 081027s2009 njua sb 001 0 eng d
010 _z 2008047060
020 _z9780470331880 (cloth)
020 _z9780470400784
040 _aCaPaEBR
_cCaPaEBR
035 _a(OCoLC)373185524
050 1 4 _aT57.85
_b.L49 2009eb
082 0 4 _a003/.72
_222
100 1 _aLewis, T. G.
_q(Theodore Gyle),
_d1941-
245 1 0 _aNetwork science
_h[electronic resource] :
_btheory and practice /
_cTed G. Lewis.
260 _aHoboken, N.J. :
_bJohn Wiley & Sons,
_c2009.
300 _axi, 512 p. :
_bill.
504 _aIncludes bibliographical references (p. 493-501) and index.
533 _aElectronic reproduction.
_bPalo Alto, Calif. :
_cebrary,
_d2013.
_nAvailable via World Wide Web.
_nAccess may be limited to ebrary affiliated libraries.
650 0 _aNetwork analysis (Planning)
655 7 _aElectronic books.
_2local
710 2 _aebrary, Inc.
856 4 0 _uhttp://site.ebrary.com/lib/rucke/Doc?id=10297971
_zAn electronic book accessible through the World Wide Web; click to view
999 _c167092
_d167092